000 00493nam a2200181Ia 4500
001 9147
005 20260306160702.0
008 260306t1970||||xx |||||||||||||| ||spa||
041 _aESP
082 _a373.01
_bC28
100 _aCarrasco Canals, Carlos
_eAUT
245 0 _aProblemática de la enseñanza media:
_baspectos cuantitativos, cualitativos y de organización
260 _c1970
300 _a339 páginas :
_c21 cm.
650 _aGEN
654 _aCED
942 _cLIB
_dJUS
_fJUS
_2ddc
_n
999 _c9147
_d9147